书目信息 |
| 题名: |
最新不动产登记暂行条例100问
|
|
| 作者: | ||
| 分册: | ||
| 出版信息: | 北京 中国法制出版社 2016.06 |
|
| 页数: | 277页 | |
| 开本: | 21cm | |
| 丛书名: | 公民新法早知道系列 | |
| 单 册: | ||
| 中图分类: | D923.25 | |
| 科图分类: | ||
| 主题词: | 不动产--产权登记--条例--中国 | |
| 电子资源: | ||
| ISBN: | 978-7-5093-7487-0 | |
| 000 | 01098oam2 2200277 450 | |
| 001 | 002774901 | |
| 005 | 20170920091010.03 | |
| 010 | @a978-7-5093-7487-0@dCNY25.00 | |
| 100 | @a20160621d2016 em y0chiy50 ea | |
| 101 | 0 | @achi |
| 102 | @aCN@b110000 | |
| 105 | @ak n 000yy | |
| 106 | @ar | |
| 200 | 1 | @a最新不动产登记暂行条例100问@9zui xin bu dong chan deng ji zan hang tiao li 100 wen |
| 205 | @a2版@b修订版 | |
| 210 | @a北京@c中国法制出版社@d2016.06 | |
| 215 | @a277页@d21cm | |
| 225 | 2 | @a公民新法早知道系列 |
| 300 | @a根据《不动产登记暂行条例实施细则》及《〈物权法〉司法解释(一)》全新修订 根据《不动产暂行条例》精心编写 | |
| 330 | @a本书共分为:不动产登记基本规定及不动产权利;不动产登记簿;登记程序;登记信息共享与保护;法定义务与法律责任;其他规定几部分,主要内容包括:与不动产登记相关的法律规范有哪些?、《条例》主要包括哪些内容?《实施细则》进行了哪些细化?等。 | |
| 333 | @a一般读者 | |
| 461 | 0 | @12001 @a公民新法早知道系列 |
| 606 | 0 | @a不动产@x产权登记@x条例@y中国 |
| 690 | @aD923.25@v5 | |
| 801 | 0 | @aCN@b人天书店@c20160621 |
| 905 | @b1076888-93@dD923.25@e1730=2@f6 | |
| 最新不动产登记暂行条例100问.-2版,修订版.-北京:中国法制出版社,2016.06 |
| 277页;21cm.-(公民新法早知道系列) |
| 根据《不动产登记暂行条例实施细则》及《〈物权法〉司法解释(一)》全新修订 根据《不动产暂行条例》精心编写.-使用对象:一般读者 |
| ISBN 978-7-5093-7487-0:CNY25.00 |
| 本书共分为:不动产登记基本规定及不动产权利;不动产登记簿;登记程序;登记信息共享与保护;法定义务与法律责任;其他规定几部分,主要内容包括:与不动产登记相关的法律规范有哪些?、《条例》主要包括哪些内容?《实施细则》进行了哪些细化?等。 |
| ● |
| 相关链接 |
|
|
|
|
正题名:最新不动产登记暂行条例100问
索取号:D923.25/1730=2
 
预约/预借
| 序号 | 登录号 | 条形码 | 馆藏地/架位号 | 状态 | 备注 |
| 1 | 1076888 | 210768882 | 第一样本阅览室/ [索取号:D923.25/1730=2] | 在馆 | |
| 2 | 1076889 | 210768891 | 密集书库-史法系/ [索取号:D923.25/1730=2] | 在馆 | |
| 3 | 1076890 | 210768908 | 第一借阅区/ [索取号:D923.25/1730=2] | 在馆 | |
| 4 | 1076891 | 210768917 | 第一借阅区/ [索取号:D923.25/1730=2] | 在馆 | |
| 5 | 1076892 | 210768926 | 第一借阅区/ [索取号:D923.25/1730=2] | 在馆 | |
| 6 | 1076893 | 210768935 | 第一借阅区/ [索取号:D923.25/1730=2] | 在馆 |